00681nam a2200193Ia 4500003000900000008004100009040001600050080001600066100002600082245009700108260003800205300001000243650004100253650004100294650004100335942000700376999001300383952009100396IN-BaIIA211028s9999 xx 000 0 eng d cIIA Library a081:52bPAR aParsons, William9686 4aThe scientific papers of Sir William Parsonsbthird earl of rosse 1800-1867cWilliam Parsons aLondonbSir Charles Parsonsc1926 a221p. aAstronomy and astrophysics thesaurus aCollected Works-William Parsons9687 aWilliam Parsons Collected Works9688 cBK c330d330 00104070aBANbBANcGENd0000-00-00l0o081:52/ PARp323r2021-11-05w0000-00-00yBK